02086cam a22005054i 4500003000900000005001700009008004100026020001500067035002700082040003300109049000900142082001900151100003400170245006300204264005200267300005500319336002100374337002500395338002300420490003700443505028700480526001000767526001000777526000900787526000900796526000900805526000900814526000900823526000900832526000900841526000800850526000800858526000800866526000800874526000800882650002200890910001800912942001400930949019600944994001401140596000601154999022101160980005501381952014401436PE-LiUPU20250731165650.0150616s r 000 0 d a052123445X a(Sirsi) i9780521234450 aPE-LiUPUbspacPE-LiUPUerda aPRUA04a909.008bC2211 aCambridge University,eautor.14aThe Hellenistic World.n7:1 /cCambridge University Press. 1aCambridge :bCambridge University Press,c1994. a641 páginas :bilustraciones ;c24 centímetros atext2rdacontent aunmediated2rdamedia avolume2rdacarrier0 aThe Cambridge Ancient University0 aSources for the period.- The succession to Alexander.- Monarchies and monarchic ideas.- Ptolematic Egypt.- Syria and the East.- Macedonia and Greece.- Cultural, social and economic features of the Hellenistic world.- Hellenistic science: its application in the peace and war.- Etc.. aSEG44 aSEG26 aP151 aP150 aP149 aP146 aP145 aP126 aP125 aP92 aP75 aP74 aP27 aP1504aHistoria antigua. ajckbjvqcjck 2ddccBOOK aRC 909.008 C 7:1wDEWEYc1i43176lCCODEBUL1mBULr0sYtBOOKu2015-6-16xTEOLOGIAzUNKNOWN0COMPRAo.CIRCNOTE. No olvidar cambiar la fecha de devolución!!!!!!!o.STAFF. Colección General aC0bPEPRU a1 aRC 909.008 C 7:1wDEWEYc61135i43176f2021-11-8g5lCCODEBUL1mBULr1sYtBOOKu2015-6-16xTEOLOGIAzUNKNOWN0COMPRAo.CIRCNOTE. No olvidar cambiar la fecha de devolución!!!!!!!o.STAFF. Colección Generald61135 81gALBERTO SANCHEZ Responsable de Automatización r2025-12-02 00:00:00i6l0oRC 909.008 C 7:1p43176te1w2015-06-16xFACIHEDyREF102ddc50718REFfP14aBULbBULcREFd2015-06-16eCOMPRA